Orientational Averaging in Mechanics of Solids
Saved in:
| Other Authors: | |
|---|---|
| Format: | Book |
| Language: | English Russian |
| Published: |
Harlow, Essex, England : New York :
Longman Scientific & Technical, Copublished in the U.S. with J. Wiley & Sons,
1992
|
| Series: | Pitman research notes in mathematics series ;
; 265 |
| Subjects: | |
| Tags: |
Add Tag
No Tags, Be the first to tag this record!
|
MARC
| LEADER | 00000cam a2200000 i 4500 | ||
|---|---|---|---|
| 001 | 1/39397 | ||
| 008 | 941103s1992 eng d | ||
| 020 | |a 0582080649 | ||
| 035 | |l 10041002 | ||
| 035 | |a 1993 | ||
| 040 | |a GR-MY-UA |b gre |e aacr | ||
| 041 | 1 | |a eng |h rus | |
| 082 | 0 | |a 620.112015118 |2 (20) | |
| 245 | 1 | 0 | |a Orientational Averaging in Mechanics of Solids / |c A. Lagzdins ... [et al.] |
| 260 | |a Harlow, Essex, England : |a New York : |b Longman Scientific & Technical, |b Copublished in the U.S. with J. Wiley & Sons, |c 1992 | ||
| 300 | |a 236 p.; |b ill.; |c 25 cm | ||
| 490 | 1 | |a Pitman research notes in mathematics series |v ; 265 | |
| 500 | |a Translated from Russian | ||
| 504 | |a Includes bibliographical references (p. 230-236) | ||
| 650 | 0 | 0 | |a Strength of materials |x Mathematical models. |
| 700 | 1 | |a Lagzdins, A. | |
| 830 | 0 | |a Pitman research notes in mathematics series ; |v ; 265 | |
| 852 | |a INST |b SAMOS |e 19941103 |h 620.112015118 ORI |p 005300007179 |q 005300007179 |t BK |y 0 | ||
| 909 | |a Σ |b 030649 | ||